| 000 | 00451cam a2200193ua 4500 | ||
|---|---|---|---|
| 020 | _c5.00 | ||
| 041 |
_ahin _h |
||
| 082 |
_a891.54 _bMOT/PA |
||
| 100 | _aMotichandra, . | ||
| 245 |
_aPanchatantra / _cMotichandra. _hTextual Documents |
||
| 250 |
_a2 / _b. |
||
| 260 |
_aDelhi : _bRajkamal Prakashan , _c1957. |
||
| 300 | _a316 ; . | ||
| 365 | _a5.00 | ||
| 504 | _a | ||
| 942 | _cBK | ||
| 999 |
_c12776 _d12776 |
||